| 000 | 01478cam a2200397 a 4500 | ||
|---|---|---|---|
| 003 | CHAP | ||
| 005 | 20220329142847.0 | ||
| 008 | 040924d2002 mx r 00010 spa d | ||
| 010 | _a88844 | ||
| 011 | _a89816 | ||
| 020 | _a9706371052 | ||
| 035 | _a100367 | ||
| 040 | _cCHAP | ||
| 082 | 0 | 4 |
_a972.083 _bS5 |
| 100 | 0 | 0 |
_aSalinas Figueredo, Darío _ecoor. _9101659 |
| 245 | 1 | 0 |
_aGobernabilidad y globalización procesos políticos resientes en América Latina _c/coor. por Darío Salinas Figueredo y Edgar Jiménez Cabrera |
| 260 |
_aMéxico, D.F. : _bGernika, _c2002. |
||
| 300 | _a408 p. | ||
| 490 | 0 |
_aColección ciencias políticas _v;34 |
|
| 590 |
_aBATCH-UPD _b10 _c20130110 _lUCH01 _h0429 |
||
| 590 |
_aBATCH-UPD _b10 _c20130410 _lUCH01 _h0104 |
||
| 590 |
_aBATCH-UPD _b10 _c20130914 _lUCH01 _h1003 |
||
| 590 |
_aBATCH-UPD _b10 _c20161124 _lUCH01 _h1712 |
||
| 590 |
_aCONVERSION _b10 _c20130109 _lUCH01 _h1349 |
||
| 650 | 1 | 4 |
_aAmerica Latina _xCondiciones economicas. _95390 |
| 650 | 1 | 4 |
_aAmerica Latina _xPolitica y gobierno. _95404 |
| 650 | 1 | 4 |
_aGlobalización. _948300 |
| 651 | 4 |
_aMéxico _xPolítica y gobierno. _976783 |
|
| 700 | 0 | 0 |
_aJiménez Cabrera, Edgar. _961457 |
| 830 | 0 | 0 |
_aColección ciencias políticas _v;34 _924748 |
| 901 | _aBK | ||
| 905 | _aElisama A. H. | ||
| 942 | _cLIBRO | ||
| 949 |
_a972.083 S5 _bBC _cLIBRO _d33724000871935 _eLIBRO _fc.2 _h104554 _i100367 _so _t$128.00 |
||
| 949 |
_a972.083 S5 _bBC _cLIBRO _d33724000871992 _eLIBRO _h104553 _i100367 _sb _t$128.00 |
||
| 999 |
_c88844 _d88844 |
||